The fate of vultures and other poems

Saved in:
Bibliographic Details
Main Author: OJAIDE, Tanure
Format: Book
Language:English
Published: Malthouse Press 1990
Tags: Add Tag
No Tags, Be the first to tag this record!

MARC

LEADER 00000nam a22000007a 4500
008 210122b ||||| |||| 00| 0 eng d
020 |a 978-2601-38-1 
100 |a OJAIDE, Tanure. 
245 |a The fate of vultures and other poems  |c Tanure Ojaide  |g x, 99p. 
260 |b Malthouse Press  |c 1990  |h Lagos  |i 684816   |l PR9387.9 .O373Oj1  |m The fate of vultures and other poems 
942 |a lcc  |c BK  |e Ogunmilade F.T.  |f 22/1/2021 
999 |c 809  |d 809